[Event "Bad Griesbach Seniors op 14th"]
[Site "Bad Griesbach"]
[Date "2011.12.04"]
[Round "1"]
[White "Klein, Reinhard"]
[Black "Lamprecht, Rudolf"]
[Result "1/2-1/2"]
[WhiteElo "1759"]
[BlackElo "1818"]
[PlyCount "58"]
[EventDate "2011.12.04"]
[EventType "swiss"]
[EventRounds "7"]
[EventCountry "GER"]
[SourceTitle "EXT 2015"]
[Source "ChessBase"]
[SourceDate "2014.11.20"]
[SourceVersion "1"]
[SourceVersionDate "2014.11.20"]
[SourceQuality "1"]

1. d4 e6 2. Nf3 d5 3. Bf4 Nf6 4. e3 Bd6 5. Ne5 0-0 6. Bd3 b6 7. Nc3 Bb7 8. Qf3 c5 9. Bg5 cxd4 10. exd4 Nc6 11. Nxc6 Bxc6 12. 0-0 Be7 13. Qh3 g6 14. Qh4 Re8 15. Rae1 Nh5 16. Bxe7 Qxe7 17. Qxe7 Rxe7 18. f4 Kf8 19. Rf3 f5 20. g3 Nf6 21. Rfe3 Kf7 22. Kg2 Rc8 23. Ne2 Ne4 24. Ng1 Nd6 25. Nf3 Nc4 26. Bxc4 dxc4 27. Kf2 Bxf3 28. Kxf3 Rd8 29. c3 Rd5 1/2-1/2

[Event "Bad Griesbach Seniors op 13th"]
[Site "Bad Griesbach"]
[Date "2010.12.11"]
[Round "7"]
[White "Mueller, Roland2"]
[Black "Lamprecht, Rudolf"]
[Result "0-1"]
[WhiteElo "1635"]
[BlackElo "1905"]
[PlyCount "74"]
[EventDate "2010.12.05"]
[EventType "swiss"]
[EventRounds "7"]
[EventCountry "GER"]
[SourceTitle "EXT 2015"]
[Source "ChessBase"]
[SourceDate "2014.11.20"]
[SourceVersion "1"]
[SourceVersionDate "2014.11.20"]
[SourceQuality "1"]

1. b3 d5 2. f4 Nf6 3. Nf3 c5 4. d4 e6 5. Bb2 Nc6 6. e3 Bd7 7. a3 Be7 8. h3 Ne4 9. h4 cxd4 10. Bxd4 Nxd4 11. Qxd4 Bf6 12. Ne5 Bxh4+ 13. Kd1 Nf2+ 14. Kc1 Nxh1 15. Nxd7 Kxd7 16. Bb5+ Ke7 17. Ra2 Bf6 18. Qb4+ Qd6 19. Qe1 Rhc8 20. Bd3 Qb6 21. Kd2 d4 22. e4 Qa5+ 23. b4 Qh5 24. e5 Bxe5 25. fxe5 Qg5+ 26. Kd1 Ng3 27. Nd2 Nf5 28. Kc1 Rc7 29. Qg1 Rac8 30. g4 Ne3 31. Qg3 Qxg4 32. Qxg4 Nxg4 33. Nf3 Rd7 34. Kd2 Nf2 35. Bxh7 g6 36. Ke2 Rxc2+ 37. Rxc2 d3+ 0-1

[Event "Bad Griesbach Seniors op 13th"]
[Site "Bad Griesbach"]
[Date "2010.12.09"]
[Round "5"]
[White "Seyffarth, Renate"]
[Black "Lamprecht, Rudolf"]
[Result "1/2-1/2"]
[WhiteElo "1766"]
[BlackElo "1905"]
[PlyCount "87"]
[EventDate "2010.12.05"]
[EventType "swiss"]
[EventRounds "7"]
[EventCountry "GER"]
[SourceTitle "EXT 2015"]
[Source "ChessBase"]
[SourceDate "2014.11.20"]
[SourceVersion "1"]
[SourceVersionDate "2014.11.20"]
[SourceQuality "1"]

1. d4 Nf6 2. c4 e6 3. Nc3 Bb4 4. Qc2 0-0 5. Bd2 d5 6. e3 a6 7. a3 Bxc3 8. Bxc3 Nbd7 9. Nf3 Ne4 10. Bd3 f5 11. 0-0 Ndf6 12. Rac1 c6 13. Bb4 Re8 14. Ne5 Nd7 15. f4 Nxe5 16. dxe5 Bd7 17. Rfd1 Rc8 18. c5 Rf8 19. Be1 Be8 20. Be2 g5 21. Bf3 gxf4 22. exf4 Bg6 23. Bxe4 fxe4 24. Qf2 Rf5 25. g4 Rf8 26. Bc3 Qe7 27. Bd4 Kf7 28. Rc3 Ke8 29. Kh1 Kd7 30. Rb3 Rb8 31. Be3 Kc7 32. Qg3 Rbd8 33. Qf2 h5 34. g5 Bf5 35. h4 Bg4 36. Rd2 Rd7 37. Rd4 Kc8 38. Rc3 Qf7 39. Qg3 Rfd8 40. Rc2 Qf5 41. Kh2 Rf8 42. b4 Kb8 43. a4 Rc8 44. a5 1/2-1/2

[Event "Bad Griesbach Seniors op 13th"]
[Site "Bad Griesbach"]
[Date "2010.12.07"]
[Round "3"]
[White "Ulmer, Heinz"]
[Black "Lamprecht, Rudolf"]
[Result "0-1"]
[WhiteElo "1684"]
[BlackElo "1905"]
[PlyCount "50"]
[EventDate "2010.12.05"]
[EventType "swiss"]
[EventRounds "7"]
[EventCountry "GER"]
[SourceTitle "EXT 2015"]
[Source "ChessBase"]
[SourceDate "2014.11.20"]
[SourceVersion "1"]
[SourceVersionDate "2014.11.20"]
[SourceQuality "1"]

1. d4 Nf6 2. c4 e6 3. Nf3 d5 4. cxd5 exd5 5. Bg5 Be7 6. e3 0-0 7. Be2 c6 8. 0-0 Ne4 9. Bxe7 Qxe7 10. Nc3 f5 11. Ne5 Nd7 12. Nxd7 Bxd7 13. g3 Rf6 14. Bd3 Raf8 15. Qc2 Ng5 16. h4 Nf3+ 17. Kg2 Nxh4+ 18. gxh4 Rg6+ 19. Kf3 Qxh4 20. Ke2 Rg2 21. Rae1 f4 22. Kd1 fxe3 23. Rxe3 Rfxf2 24. Ne2 Rxf1+ 25. Kd2 Qe1# 0-1

[Event "Bad Griesbach Seniors op 12th"]
[Site "Bad Griesbach"]
[Date "2009.11.30"]
[Round "2"]
[White "Lamprecht, Rudolf"]
[Black "Klimpel, Siegfried"]
[Result "1-0"]
[WhiteElo "1895"]
[BlackElo "1706"]
[PlyCount "54"]
[EventDate "2009.11.29"]
[EventType "swiss"]
[EventRounds "7"]
[EventCountry "GER"]
[SourceTitle "EXT 2015"]
[Source "ChessBase"]
[SourceDate "2014.11.20"]
[SourceVersion "1"]
[SourceVersionDate "2014.11.20"]
[SourceQuality "1"]

1. Nf3 d5 2. g3 Nf6 3. Bg2 e6 4. 0-0 b6 5. d3 Bb7 6. Nbd2 Be7 7. Ne5 Nfd7 8. Nxd7 Nxd7 9. e4 Rb8 10. f4 dxe4 11. dxe4 e5 12. f5 Nc5 13. Qg4 h5 14. Qf3 Bg5 15. Qc3 f6 16. Nb3 Bxc1 17. Raxc1 Na4 18. Qb4 Nxb2 19. Rb1 a5 20. Qa3 a4 21. Rxb2 axb3 22. Rxb3 Ra8 23. Qb2 Ke7 24. Rd3 Qc8 25. Rfd1 Bc6 26. Qb4+ Ke8 27. Qc4 Qb7 1-0

[Event "Bad Griesbach Seniors op 11th"]
[Site "Bad Griesbach"]
[Date "2008.12.13"]
[Round "7"]
[White "Mahrla, Hans"]
[Black "Lamprecht, Rudolf"]
[Result "1/2-1/2"]
[WhiteElo "1652"]
[BlackElo "1832"]
[PlyCount "51"]
[EventDate "2008.12.07"]
[EventType "swiss"]
[EventRounds "7"]
[EventCountry "GER"]
[SourceTitle "EXT 2015"]
[Source "ChessBase"]
[SourceDate "2014.11.20"]
[SourceVersion "1"]
[SourceVersionDate "2014.11.20"]
[SourceQuality "1"]

1. e4 d5 2. exd5 Nf6 3. d4 Nxd5 4. Nf3 g6 5. Be2 Bg7 6. 0-0 0-0 7. c4 Nb6 8. h3 c6 9. Nc3 N8d7 10. Be3 e5 11. dxe5 Nxe5 12. Nxe5 Bxe5 13. Rc1 Be6 14. b3 f5 15. Qxd8 Raxd8 16. Bh6 Rfe8 17. Bg5 Rd7 18. Rfd1 Kg7 19. g3 h6 20. Rxd7+ Bxd7 21. Be3 g5 22. Bh5 Rd8 23. Ne2 Be8 24. Bxe8 Rxe8 25. Kf1 Kg6 26. Rd1 1/2-1/2

[Event "Bad Griesbach Seniors op 10th"]
[Site "Bad Griesbach"]
[Date "2007.12.02"]
[Round "1"]
[White "Lamprecht, Rudolf"]
[Black "Ulmer, Heinz"]
[Result "1-0"]
[WhiteElo "1833"]
[BlackElo "1670"]
[PlyCount "73"]
[EventDate "2007.12.02"]
[EventType "swiss"]
[EventRounds "7"]
[EventCountry "GER"]
[SourceTitle "EXT 2015"]
[Source "ChessBase"]
[SourceDate "2014.11.20"]
[SourceVersion "1"]
[SourceVersionDate "2014.11.20"]
[SourceQuality "1"]

1. e4 d5 2. exd5 Qxd5 3. Nc3 Qa5 4. d4 c6 5. Nf3 Bf5 6. Bd3 Bxd3 7. Qxd3 Nf6 8. 0-0 e6 9. Bd2 Qc7 10. Rfe1 Bd6 11. Ne4 Nxe4 12. Qxe4 Nd7 13. b4 Nf6 14. Qe2 0-0 15. h3 b6 16. c4 c5 17. dxc5 bxc5 18. b5 Nd7 19. Bc3 Rfe8 20. Rad1 Nf8 21. Qe4 Ng6 22. a4 f5 23. Qc2 h6 24. Qd2 Bf4 25. Qd7 Rad8 26. Qxc7 Bxc7 27. Rxd8 Bxd8 28. Rd1 Bc7 29. Rd7 Re7 30. Rxe7 Nxe7 31. Ne5 Bxe5 32. Bxe5 Nc8 33. a5 Kf7 34. Bb8 Ke8 35. Bxa7 Nxa7 36. b6 Nc6 37. a6 1-0

[Event "Bad Griesbach Seniors op 09th"]
[Site "Bad Griesbach"]
[Date "2006.12.05"]
[Round "3"]
[White "Lamprecht, Rudolf"]
[Black "Kiefer, Herbert"]
[Result "1-0"]
[WhiteElo "1839"]
[BlackElo "1784"]
[PlyCount "105"]
[EventDate "2006.12.03"]
[EventType "swiss"]
[EventRounds "7"]
[EventCountry "GER"]
[SourceTitle "EXT 2015"]
[Source "ChessBase"]
[SourceDate "2014.11.20"]
[SourceVersion "1"]
[SourceVersionDate "2014.11.20"]
[SourceQuality "1"]

1. e4 c5 2. Nc3 e6 3. f4 d6 4. Nf3 Nc6 5. Bb5 Bd7 6. 0-0 Qb6 7. Kh1 Nge7 8. d3 a6 9. Bxc6 Nxc6 10. f5 Be7 11. fxe6 Bxe6 12. Bd2 Qd8 13. Ne2 0-0 14. Qe1 b5 15. Qg3 Bf6 16. Bc3 Bxc3 17. bxc3 Ne7 18. Nf4 Ng6 19. Nxe6 fxe6 20. Ng5 Qe7 21. Qg4 Rae8 22. Qh5 Rxf1+ 23. Rxf1 Nf8 24. Rf7 Qxg5 25. Qxg5 Kxf7 26. Qf4+ Ke7 27. Qg3 g6 28. e5 d5 29. Qg5+ Kf7 30. h4 h5 31. g4 hxg4 32. Qxg4 Nd7 33. Qf4+ Kg7 34. Qg5 Kf7 35. Kg2 Rh8 36. Kg3 Rh5 37. Qd8 Nxe5 38. Qc7+ Kf6 39. Qxc5 Rf5 40. Qb6 g5 41. Qd8+ Kg6 42. Qg8+ Kf6 43. h5 g4 44. h6 Rf3+ 45. Kg2 Ng6 46. h7 Nf4+ 47. Kh2 Rh3+ 48. Kg1 Rg3+ 49. Kf1 Rf3+ 50. Ke1 Ng2+ 51. Kd2 Rf2+ 52. Kc1 Rf1+ 53. Kb2 1-0

[Event "Bad Griesbach Seniors op 08th"]
[Site "Bad Griesbach"]
[Date "2005.12.10"]
[Round "7"]
[White "Lamprecht, Rudolf"]
[Black "Reisinger, Georg"]
[Result "1-0"]
[WhiteElo "1867"]
[BlackElo "1740"]
[PlyCount "95"]
[EventDate "2005.12.04"]
[EventType "swiss"]
[EventRounds "9"]
[EventCountry "GER"]
[SourceTitle "EXT 2015"]
[Source "ChessBase"]
[SourceDate "2014.11.20"]
[SourceVersion "1"]
[SourceVersionDate "2014.11.20"]
[SourceQuality "1"]

1. e4 c5 2. Nf3 d6 3. d4 cxd4 4. c3 Nf6 5. Bd3 Nc6 6. cxd4 Bd7 7. 0-0 Nb4 8. Nc3 Nxd3 9. Qxd3 g6 10. h3 Bg7 11. e5 Bf5 12. Qb5+ Nd7 13. g4 a6 14. Qe2 Be6 15. d5 Bxg4 16. hxg4 Nxe5 17. Nxe5 Bxe5 18. Bh6 Qd7 19. Rac1 g5 20. f3 Rg8 21. Kg2 Rg6 22. Rh1 Rc8 23. Rc2 Qc7 24. Rh5 f6 25. Qd3 b5 26. a3 Qd7 27. Ne4 Rxc2+ 28. Qxc2 Kd8 29. Ng3 Bxg3 30. Kxg3 Ke8 31. Qe4 Qa7 32. Kg2 Qc5 33. Rh1 Qc4 34. Qxc4 bxc4 35. Kf2 e6 36. dxe6 Ke7 37. Ke3 Rg8 38. Kd4 Kxe6 39. Re1+ Kf7 40. Kxc4 Rc8+ 41. Kd3 Kg6 42. Rh1 Rb8 43. b4 Rc8 44. f4 d5 45. f5+ Kf7 46. Bxg5 fxg5 47. Rxh7+ Kf6 48. Rh6+ 1-0

[Event "Bad Griesbach Seniors op 08th"]
[Site "Bad Griesbach"]
[Date "2005.12.08"]
[Round "5"]
[White "Reichwald, Klaus Dieter"]
[Black "Lamprecht, Rudolf"]
[Result "1/2-1/2"]
[WhiteElo "1713"]
[BlackElo "1867"]
[PlyCount "42"]
[EventDate "2005.12.04"]
[EventType "swiss"]
[EventRounds "9"]
[EventCountry "GER"]
[SourceTitle "EXT 2015"]
[Source "ChessBase"]
[SourceDate "2014.11.20"]
[SourceVersion "1"]
[SourceVersionDate "2014.11.20"]
[SourceQuality "1"]

1. e4 e6 2. d4 d5 3. Nd2 dxe4 4. Nxe4 Nd7 5. Nf3 Ngf6 6. Bd3 Be7 7. 0-0 0-0 8. c3 b6 9. Bg5 Bb7 10. Nxf6+ Nxf6 11. Qc2 h6 12. Bxf6 Bxf6 13. Be4 Bxe4 14. Qxe4 Qd6 15. Rad1 Rfd8 16. Rd2 Qd5 17. Qxd5 Rxd5 18. Rfd1 Rad8 19. c4 R5d7 20. b3 Kf8 21. Kf1 g5 1/2-1/2

[Event "Bad Griesbach Seniors op 08th"]
[Site "Bad Griesbach"]
[Date "2005.12.07"]
[Round "4"]
[White "Lamprecht, Rudolf"]
[Black "Pribyl, Josef"]
[Result "0-1"]
[WhiteElo "1867"]
[BlackElo "2221"]
[PlyCount "62"]
[EventDate "2005.12.04"]
[EventType "swiss"]
[EventRounds "9"]
[EventCountry "GER"]
[SourceTitle "EXT 2015"]
[Source "ChessBase"]
[SourceDate "2014.11.20"]
[SourceVersion "1"]
[SourceVersionDate "2014.11.20"]
[SourceQuality "1"]

1. e4 d6 2. d4 Nf6 3. Nc3 g6 4. Be2 Bg7 5. Be3 c6 6. Qd2 b5 7. f3 h5 8. Nh3 Bxh3 9. gxh3 Nbd7 10. Rg1 a6 11. f4 b4 12. Nd1 Nxe4 13. Qd3 d5 14. f5 Qc7 15. fxg6 f5 16. Rg2 e5 17. Nf2 f4 18. Nxe4 dxe4 19. Qc4 Nf8 20. Bd2 f3 21. Rf2 Nxg6 22. Qe6+ Ne7 23. Bc4 Rf8 24. Bb3 Qd7 25. d5 Qxe6 26. dxe6 Nd5 27. Bxd5 cxd5 28. Bxb4 e3 29. Rf1 Rf4 30. Ba3 Bf6 31. Bc5 Bh4+ 0-1

[Event "IECG CP.1997.S.00001"]
[Site "IECG email"]
[Date "1998.??.??"]
[Round "?"]
[White "Lamprecht, Rudolf"]
[Black "Frey Beckman, Kenneth"]
[Result "0-1"]
[WhiteElo "2068"]
[BlackElo "2411"]
[PlyCount "72"]
[EventDate "1998.11.20"]
[EventType "tourn (corr)"]
[EventRounds "10"]
[SourceTitle "Corr 2008"]
[Source "ChessBase"]
[SourceDate "2008.06.24"]
[SourceVersion "1"]
[SourceVersionDate "2008.06.24"]
[SourceQuality "1"]

1. e4 e5 2. Nf3 Nc6 3. Bb5 a6 4. Ba4 Nf6 5. 0-0 Be7 6. Re1 b5 7. Bb3 d6 8. c3 0-0 9. h3 Bb7 10. d4 Re8 11. Nbd2 Bf8 12. a4 h6 13. Bc2 exd4 14. cxd4 Nb4 15. Bb1 c5 16. d5 Nd7 17. Nf1 f5 18. exf5 Nf6 19. Ne3 Nbxd5 20. Ba2 c4 21. Nd4 Qd7 22. Ne6 Nc7 23. b3 Nxe6 24. fxe6 Rxe6 25. bxc4 bxc4 26. Bxc4 d5 27. Bd3 Ne4 28. Qg4 Qf7 29. Rf1 Bc5 30. Rb1 Bc6 31. a5 Rf8 32. Rb2 Bb5 33. Bxb5 axb5 34. Rxb5 Bxe3 35. Bxe3 h5 36. Qh4 Nc3 0-1

[Event "IECG CP.1997.S.00001"]
[Site "IECG email"]
[Date "1998.??.??"]
[Round "?"]
[White "Smet, Marc"]
[Black "Lamprecht, Rudolf"]
[Result "1/2-1/2"]
[WhiteElo "1741"]
[BlackElo "2068"]
[PlyCount "69"]
[EventDate "1998.11.20"]
[EventType "tourn (corr)"]
[EventRounds "10"]
[SourceTitle "Corr 2008"]
[Source "ChessBase"]
[SourceDate "2008.06.24"]
[SourceVersion "1"]
[SourceVersionDate "2008.06.24"]
[SourceQuality "1"]

1. e4 e6 2. d4 d5 3. Nc3 Bb4 4. Nge2 dxe4 5. a3 Bxc3+ 6. Nxc3 Nc6 7. Be3 Nf6 8. Qd2 Ne7 9. 0-0-0 Ned5 10. Bg5 0-0 11. Bc4 Nxc3 12. Qxc3 Nd5 13. Qg3 Qd6 14. Rhe1 f5 15. f3 f4 16. Qh4 h6 17. Bxh6 gxh6 18. Qxh6 Rf7 19. Rxe4 Bd7 20. g4 Qf8 21. Qxf8+ Raxf8 22. Bxd5 exd5 23. Re5 Re8 24. h4 Rxe5 25. dxe5 Bc6 26. Rd4 Kf8 27. h5 Ke7 28. h6 Rh7 29. g5 Kf7 30. Rxf4+ Kg6 31. Rg4 Bd7 32. Rg1 Kf5 33. Kd2 Be6 34. Ke3 Kxe5 35. f4+ 1/2-1/2

[Event "IECG CP.1997.P.00031"]
[Site "IECG email"]
[Date "1997.??.??"]
[Round "?"]
[White "Lamprecht, Rudolf"]
[Black "Burgin, Robert"]
[Result "1-0"]
[WhiteElo "2001"]
[BlackElo "1564"]
[PlyCount "51"]
[EventDate "1997.10.27"]
[EventType "tourn (corr)"]
[EventRounds "8"]
[SourceTitle "Corr 2008"]
[Source "ChessBase"]
[SourceDate "2008.06.24"]
[SourceVersion "1"]
[SourceVersionDate "2008.06.24"]
[SourceQuality "1"]

1. e4 c5 2. b4 cxb4 3. a3 d5 4. exd5 Qxd5 5. Bb2 e5 6. axb4 Bxb4 7. Na3 Nc6 8. Nb5 Qd8 9. Nf3 Qe7 10. Be2 Nf6 11. 0-0 0-0 12. c3 Bc5 13. d4 exd4 14. cxd4 Bb6 15. Ba3 Nb4 16. Qd2 Ba5 17. Rfb1 Nfd5 18. Bc4 a6 19. Bxd5 axb5 20. Ba2 Bf5 21. Rxb4 Qd8 22. Qf4 Bxb4 23. Bxb4 Be6 24. Bxf8 Qxf8 25. Qd2 Qd6 26. d5 1-0